<?xml version="1.0" encoding="UTF-8"?>
<record
    xmlns:xsi="http://www.w3.org/2001/XMLSchema-instance"
    xsi:schemaLocation="http://www.loc.gov/MARC21/slim http://www.loc.gov/standards/marcxml/schema/MARC21slim.xsd"
    xmlns="http://www.loc.gov/MARC21/slim">

  <leader>00852nam a22001457a 4500</leader>
  <datafield tag="999" ind1=" " ind2=" ">
    <subfield code="c">527518</subfield>
    <subfield code="d">527518</subfield>
  </datafield>
  <controlfield tag="008">240903b           ||||| |||| 00| 0 eng d</controlfield>
  <datafield tag="100" ind1=" " ind2=" ">
    <subfield code="a">Lodha, JS. Bafna, P and Samar, R.  </subfield>
    <subfield code="9">57769</subfield>
  </datafield>
  <datafield tag="245" ind1=" " ind2=" ">
    <subfield code="a">Senior citizens and social security laws </subfield>
  </datafield>
  <datafield tag="260" ind1=" " ind2=" ">
    <subfield code="a">Madhya Pradesh Journal of Social Sciences </subfield>
  </datafield>
  <datafield tag="300" ind1=" " ind2=" ">
    <subfield code="a"> 27(1), Jun, 2022: p.1-12  </subfield>
  </datafield>
  <datafield tag="520" ind1=" " ind2=" ">
    <subfield code="a">The social security laws for senior citizens are numerous and they have changed the dimension of the social security provided to senior citizens. This article begins with the problems encountered by senior citizens in the current time and states about constitutional framework laying out social security of senior citizens and highlights the provision of various acts relating to the same. &#x2013; Reproduced  </subfield>
  </datafield>
  <datafield tag="773" ind1=" " ind2=" ">
    <subfield code="a">Madhya Pradesh Journal of Social Sciences </subfield>
  </datafield>
  <datafield tag="906" ind1=" " ind2=" ">
    <subfield code="a">AGED</subfield>
  </datafield>
  <datafield tag="942" ind1=" " ind2=" ">
    <subfield code="c">AR</subfield>
  </datafield>
  <datafield tag="952" ind1=" " ind2=" ">
    <subfield code="0">0</subfield>
    <subfield code="1">0</subfield>
    <subfield code="2">ddc</subfield>
    <subfield code="4">0</subfield>
    <subfield code="7">0</subfield>
    <subfield code="9">402605</subfield>
    <subfield code="a">IIPA</subfield>
    <subfield code="b">IIPA</subfield>
    <subfield code="d">2024-09-03</subfield>
    <subfield code="h">27(1), Jun, 2022: p.1-12  </subfield>
    <subfield code="p">AR132959</subfield>
    <subfield code="r">2024-09-03</subfield>
    <subfield code="y">AR</subfield>
  </datafield>
</record>
